000 01001nam a2200217Ia 4500
003 OSt
005 20241203151539.0
007 ca aa aaaaa
008 201103s9999 xx 000 0 und d
040 _cSSBUL
041 _abur
082 _a၃၀၅.၈၉၅၈ ဆန်
_223
_b၉၂၉၁ S-SAT
100 _a ဆန္ဒ၊ မောင် (လယ်ဝေး)
_917392
245 0 _aကမန်မျိုးနွယ်စုသမိုင်း၊
_cမောင်ဆန္ဒ (လယ်ဝေး)
260 _aရန်ကုန် ၊
_b[ဦးအုန်းမောင်]၊
_c၂၀၀၅။
300 _a၁၃၄ စာမျက်နှာ၊
_bရုပ်ပုံများ၊
_c၁၈ စင်တီ။
500 _aS-SAT: Dr. Sai Aung Tun Collection
650 _aမျိုးနွယ်စု၊
_xသမိုင်းကြောင်း။
_955517
760 _bနိုင်ငံ့ဂုဏ်ရည် စာစဥ်(၄၃)။
942 _2ddc
_cBK1
999 _c16806
_d16806